书目信息 |
| 题名: |
超越摄动
|
|
| 作者: | 廖世俊 著 ;陈晨 , 徐航 译 | |
| 分册: | ||
| 出版信息: | 北京 科学出版社 |
|
| 页数: | 271页 | |
| 开本: | 26cm | |
| 丛书名: | ||
| 单 册: | ||
| 中图分类: | O189.23 | |
| 科图分类: | ||
| 主题词: | 拓扑 , 几何 | |
| 电子资源: | ||
| ISBN: | 7-03-016939-5 | |
| 000 | 00704nam0 2200229 450 | |
| 001 | 0762220314 | |
| 005 | 20071010171700.31 | |
| 010 | @a7-03-016939-5@b精装@d¥48.00 | |
| 100 | @a20071010d km y0chiy0120 ea | |
| 101 | 0 | @achi |
| 200 | 1 | @a超越摄动@Achao yue she dong@e同伦分析方法导论@f廖世俊著@Fliao shi jun zhu@g陈晨,徐航译@Gchen chen,xu hang yi |
| 210 | @a北京@c科学出版社 | |
| 215 | @a271页@d26cm | |
| 517 | 1 | @a同伦分析方法导论@Atong lun fen xi fang fa dao lun |
| 606 | 0 | @a拓扑 |
| 606 | 0 | @a几何 |
| 690 | @aO189.23@v3 | |
| 701 | 0 | @a廖世俊@Aliao shi jun@4著 |
| 702 | 0 | @a陈晨@Achen chen@4译 |
| 702 | 0 | @a徐航@Axu hang@4译 |
| 801 | 0 | @aCN@bPFT@c20071010 |
| 905 | @a213230@dO189.23@eS183@f1 | |
| 超越摄动:同伦分析方法导论/廖世俊著/陈晨,徐航译.-北京:科学出版社 |
| 271页;26cm |
| ISBN 7-03-016939-5(精装):¥48.00 |
| ● |
| 相关链接 |
|
|
|
|
正题名:超越摄动
索取号:O189.23/S183
 
预约/预借
| 序号 | 登录号 | 条形码 | 馆藏地/架位号 | 状态 | 备注 |
| 1 | 6705271 | 267052716 | 密集书库-数信学院/ [索取号:O189.23/S183] | 在馆 |